Effective communication skills/ (Record no. 83112)

MARC details
000 -LEADER
fixed length control field 00722nam a22002177a 4500
005 - DATE AND TIME OF LATEST TRANSACTION
control field 20171017112302.0
010 ## - LCCN (DPL NO)
LC control number B-516170-177 ENG-120540
020 ## - INTERNATIONAL STANDARD BOOK NUMBER
International Standard Book Number 8188594261
Terms of availability 325.00
035 ## - SYSTEM CONTROL NUMBER
System control number B-516170-177
035 ## - SYSTEM CONTROL NUMBER
System control number EN-104072
037 ## - SOURCE OF ACQUISITION
Stock number dpl
Source of stock number/acquisition Janvani Prakashan/Ven
037 ## - SOURCE OF ACQUISITION
Source of stock number/acquisition DBAD/PUB
082 ## - DEWEY DECIMAL CLASSIFICATION NUMBER
Classification number 302.2
100 ## - MAIN ENTRY--PERSONAL NAME
Personal name Tiwari, Reema
245 ## - TITLE STATEMENT
Title Effective communication skills/
Statement of responsibility, etc by Reema Tiwari
260 ## - PUBLICATION, DISTRIBUTION, ETC. (IMPRINT)
Place of publication, distribution, etc Delhi
Name of publisher, distributor, etc Magpie Publishers
Date of publication, distribution, etc 2011
270 ## - ADDRESS
Address M-72, Punchsheel Garden Navin Shahdara
City Delhi
Postal code 110032
300 ## - PHYSICAL DESCRIPTION
Extent 112p.:
Other physical details ill
Dimensions 21cm(Hb)
942 ## - ADDED ENTRY ELEMENTS (KOHA)
Source of classification or shelving scheme Dewey Decimal Classification
Item type Children Books
Classification part 302.2
Call number suffix TIW
Holdings
Withdrawn status Lost status Not for loan Collection code Home library Current library Date acquired Source of acquisition Cost, normal purchase price Full call number Barcode Copy number Cost, replacement price Koha item type
      Non-fiction Bawana Bawana 20/03/2014 Janvani/6164/25.03.2013/196/20.03.2013/26.03.2013 325.00 302.2 TIW B-516174 1 325.00 Children Books
      Non-fiction Central Library Central Library 20/03/2014 Janvani/6164/25.03.2013/196/20.03.2013/26.03.2013 325.00 302.2 TIW B-516170 1 325.00 Children Books
    Not For Loan Non-fiction D.B.Act.Division D.B.Act.Division 12/09/2017 DBAD/PUB 325.00 302.2 TIW EN-104072 1 325.00 Children Books
      Non-fiction Janak Puri Janak Puri 20/03/2014 Janvani/6164/25.03.2013/196/20.03.2013/26.03.2013 325.00 302.2 TIW B-516172 1 325.00 Children Books
      Non-fiction Narela Narela 20/03/2014 Janvani/6164/25.03.2013/196/20.03.2013/26.03.2013 325.00 302.2 TIW B-516175 1 325.00 Children Books
      Non-fiction Patel Nagar Patel Nagar 20/03/2014 Janvani/6164/25.03.2013/196/20.03.2013/26.03.2013 325.00 302.2 TIW B-516171 1 325.00 Children Books
      Non-fiction R.K.Puram-8 R.K.Puram-8 20/03/2014 Janvani/6164/25.03.2013/196/20.03.2013/26.03.2013 325.00 302.2 TIW B-516173 1 325.00 Children Books
      Non-fiction Shahdara Branch Shahdara Branch 20/03/2014 Janvani/6164/25.03.2013/196/20.03.2013/26.03.2013 325.00 302.2 TIW B-516176 1 325.00 Children Books
  Written-off vide DLB M. No. 383 dt 16.05.19   Non-fiction Vigyan Vihar Vigyan Vihar 20/03/2014 Janvani/6164/25.03.2013/196/20.03.2013/26.03.2013 325.00 302.2 TIW B-516177 1 325.00 Children Books

© Delhi Public Library
Hit Counter
free hit counter